Humánerőforrás a versenyszféra és a közigazgatás területén

Bibliographic Details
Main Author: Bükk Bükk Adriá Adrián
Other Authors: Németh Dr. Tamás
Format: Project work
Kulcsszavak:Humánerőforrás
Versenyszféra
Közigazgatás
Online Access:http://dolgozattar.uni-bge.hu/20031

MARC

LEADER 00000nnm a2200000 i 4500
001 dolg20031
005 20181218135525.0
008 181218suuuu hu o 000 hun d
040 |a BGE Dolgozattár Repozitórium  |b hun 
041 |a hu 
100 1 |a Bükk Bükk Adriá Adrián 
245 1 0 |a Humánerőforrás a versenyszféra és a közigazgatás területén  |c Bükk Bükk Adriá Adrián  |h [elektronikus dokumentum] 
516 |a Project_work 
695 |a Humánerőforrás 
695 |a Versenyszféra 
695 |a Közigazgatás 
700 1 |a Németh Dr. Tamás  |e ths 
856 4 0 |u http://dolgozattar.uni-bge.hu/20031/1/Hum%C3%A1ner%C5%91forr%C3%A1s%20a%20versenyszf%C3%A9ra%20%C3%A9s%20a%20k%C3%B6zigazgat%C3%A1s%20ter%C3%BClet%C3%A9n%20%281%29%20%281%29.pdf  |z Dokumentum-elérés